Contemporary auditing : (Record no. 15351)

MARC details
000 -LEADER
fixed length control field 00379nam a22001457a 4500
003 - CONTROL NUMBER IDENTIFIER
control field URS
005 - DATE AND TIME OF LATEST TRANSACTION
control field 20220114171959.0
008 - FIXED-LENGTH DATA ELEMENTS--GENERAL INFORMATION
fixed length control field 180723b xxu||||| |||| 00| 0 eng d
020 ## - INTERNATIONAL STANDARD BOOK NUMBER
International Standard Book Number 9781305970816
050 14 - LIBRARY OF CONGRESS CALL NUMBER
Classification number HF 5686
Item number K62 2018
100 1# - MAIN ENTRY--PERSONAL NAME
Personal name Knapp, Michael C.,
Dates associated with a name 2018-
Relator term author
245 10 - TITLE STATEMENT
Title Contemporary auditing :
Statement of responsibility, etc. Michael C. Knapp.
250 ## - EDITION STATEMENT
Edition statement 11th edition
942 ## - ADDED ENTRY ELEMENTS (KOHA)
Source of classification or shelving scheme Library of Congress Classification
Koha item type Foreign Books
Holdings
Withdrawn status Source of classification or shelving scheme Damaged status Not for loan Collection code Home library Current library Shelving location Date acquired Total Checkouts Full call number Barcode Date last seen Price effective from Koha item type
  Library of Congress Classification     Non-fiction Binangonan College Library Binangonan College Library Foreign Section 06/07/2023   HF 5686 K62 2018 URSBIN-02480 07/23/2018 07/23/2018 Foreign Books

University of Rizal System
Email us at univlibservices@urs.edu.ph

Visit our Website www.urs.edu.ph/library